000 00468nam a2200145Ia 4500
003 OSt
005 20260128094031.0
008 211028s2017 xx 000 0 und d
040 _cAIMIT LIBRARY
041 _aeng
100 _aD Souza, Roshika; D Souza, Rayan.
_g1516130
_97705
245 _aEtymology of ergonomics: antecedents of cultural quotient- a phenomenological approach at kalp BPO pvt ltd /
260 _aMangalore
_bRayan D Souza.
_c2017
942 _2ddc
_cPRO
999 _c219273
_d219273